000 00920cam a2200193 4500
001 WB3907-15
008 030219n2003 000 0 eng u
035 _a(Sirsi) u121392
245 _aLeisure operators upbeat
260 _c2003
490 _aKing Sturge Press Release
_v12 February 2003, (2)
520 _aA report by RSM Robson Rhodes and King Sturge reveals that UK leisure operators are optimistic about growth prospects in the leisure sector with three quarters predicting an increase in their number of units over the next three years. "Financing leisure property" examines the property and funding strategies of leading operators in the UK. www.kingsturge.com/site/docs/pressoffice/newsdisplay.cfm?NID=%24%29I3%27H%20%2D%20%0A
590 _aWB
650 _aLEISURE MARKET
650 _aPROPERTY-COMMERCIAL PROPERTY
650 _aLEISURE OPERATORS
690 _aLEISURE AND RECREATION
942 _n0
999 _c72131
_d72131